Všetky cenné kovy zostanú v Ázii Pištej s Ódorovou prehrali veľký súboj o historickú medailu v mixe

Bibliographic Details
Format: Article
Language:Slovak
ISSN:0139-7001
Subjects:

MARC

LEADER 00000nab a2200000 ar4500
001 vtls009513546
003 SK-MaSNL
005 20260303060707.0
008 090518c20090504xo wr|p|||||||000 b|slo
015 |a SNBRB2009/06  |2 snkbucl 
038 |a SNKBUCL 
040 |a SNKBUCL  |b slo  |c SNKBUCL  |e AACR2 
041 0 |a slo 
044 |a xo  |c SK 
080 |a 796.386.093.1  |x (100)  |2 2001 
245 0 0 |a Všetky cenné kovy zostanú v Ázii  |b Pištej s Ódorovou prehrali veľký súboj o historickú medailu v mixe 
611 2 7 |a Majstrovstvá sveta v stolnom tenise  |d (2009 :  |c Jokohama, Japonsko)  |2 snkbucl  |9 1053844 
650 0 7 |a stolný tenis  |2 snkbucl  |9 25562 
773 0 |t Šport  |g Roč. 63, č. 101 (4.5.2009), s. 37  |x 0139-7001 
852 |a SNK  |b KIS3GCP 
999 |c 1732467  |d 1734397